Giáo trình hoá lí Tập 2 Nhiệt động lực học hoá học

Nghiên cứu lí thuyết nhiệt động lực học trong hỗn hợp dung dịch và hỗn hợp các chất khí: Đặc trưng chung của dung dịch, hỗn hợp khí. Động lực học các dạng dung dịch. Phương pháp toạ độ, cân bằng hoá học. Ảnh hưởng của nhiệt độ lên câ...

全面介紹

Đã lưu trong:
書目詳細資料
主要作者: Nguyễn Đình Huề
格式: 圖書
語言:Vietnamese
出版: H. Giáo dục 2012
版:Tái bản lần thứ 7
主題:
標簽: 添加標簽
沒有標簽, 成為第一個標記此記錄!
Thư viện lưu trữ: Thư viện Trường Đại học Nam Cần Thơ
LEADER 01711aam a22002298a 4500
001 NCT_760
008 130104s2012 ||||||viesd
999 |c 37  |d 37 
020 |c 28000 
082 0 4 |2 23rd ed.  |a 541  |b H507/T.2 
100 1 |a Nguyễn Đình Huề 
245 1 0 |a Giáo trình hoá lí  |n Tập 2  |p Nhiệt động lực học hoá học  |c Nguyễn Đình Huề 
250 |a Tái bản lần thứ 7 
260 |a H.  |b Giáo dục  |c 2012 
300 |a 227tr.  |b bảng, hình vẽ  |c 21cm 
520 3 |a Nghiên cứu lí thuyết nhiệt động lực học trong hỗn hợp dung dịch và hỗn hợp các chất khí: Đặc trưng chung của dung dịch, hỗn hợp khí. Động lực học các dạng dung dịch. Phương pháp toạ độ, cân bằng hoá học. Ảnh hưởng của nhiệt độ lên cân bằng hoá học. Nguyên lí thứ ba của nhiệt động lực học. Nhiệt động lực học thống kê. Qui tắc pha và giản đồ pha. Hiện tượng bề mặt, hấp thụ 
655 7 |a Giáo trình 
942 |2 ddc  |c BK 
952 |0 0  |1 0  |2 ddc  |4 0  |6 541_000000000000000_H507_T_2  |7 0  |9 114  |a 000001  |b 000001  |d 2017-09-30  |o 541 H507/T.2  |p MD.00156  |r 2017-09-30  |v 28000.00  |w 2017-09-30  |y BK 
952 |0 0  |1 0  |2 ddc  |4 0  |6 541_000000000000000_H507_T_2  |7 0  |9 115  |a 000001  |b 000001  |d 2017-09-30  |o 541 H507/T.2  |p MD.00155  |r 2017-09-30  |v 28000.00  |w 2017-09-30  |y BK 
952 |0 0  |1 0  |2 ddc  |4 0  |6 541_000000000000000_H507_T_2  |7 0  |9 116  |a 000001  |b 000001  |d 2017-09-30  |o 541 H507/T.2  |p MD.00154  |r 2017-09-30  |v 28000.00  |w 2017-09-30  |y BK 
980 |a Thư viện Trường Đại học Nam Cần Thơ